000 002630000a22000970004500
100 1 _aBoesak, Allan (1946-)
245 1 0 _aJesus Christ the life of the world
300 _aVol. 37. Num 3 (Septiembre, 1983), Páginas 232-238
773 0 _tReformed World
942 _cANA
999 _c55237
_d55237